000 00470 a2200193 4500
001 108654
020 _a9781554532704
041 _apor
090 _aP Year 5 [E]
100 _aCôté, Geneviève.
250 _a1st pbk. ed.
300 _a[32] p.
697 _aElephants - Fiction.
697 _aSun-baths - Fiction.
040 _aBR-BrIDEA
_cBR-BrIDEA
245 1 0 _aWhat elephant?
_c Geneviève Côté
260 _a[S.l.]
_bKids Can Press
_c2008
942 _cBK
999 _c108654
_d108654